| 000 | 00484nam a22001217a 4500 | ||
|---|---|---|---|
| 999 |
_c6821 _d6821 |
||
| 008 | 200330b ||||| |||| 00| 0 eng d | ||
| 100 | _aThe United Republic of Tanzania | ||
| 245 |
_a2012 Population and Housing Census _bPopulation Distribution by Administrative Area _cThe United Republic of Tanzania _hEnglish |
||
| 260 |
_aDar Es Salaam _bNational Bureau of Statistics _c2013 |
||
| 300 |
_aix,244p. _bIllustration _c29cm |
||
| 650 | _2012 Population and Housing Census | ||
| 942 |
_2ddc _cBOOKS |
||